| 000 | 00738nam a22001817a 4500 | ||
|---|---|---|---|
| 005 | 20150408114133.0 | ||
| 008 | 130525s 1981su ||||| |||| 00| 0 ara d | ||
| 040 | _ama-un | ||
| 082 |
_221 _a212 _bج س ا |
||
| 245 |
_aأصول التربية الإسلامية : _bمقارنة مع نظريات التربية / _cابن جنيدل، سعد بن عبد الله بن إبراهيم، |
||
| 250 | _aط.1 | ||
| 260 |
_aالرياض : _bدار العلوم للطباعة والنشر، _c1981 |
||
| 300 |
_a159 ص. _c24 سم |
||
| 100 |
_a جنيدل، سعد بن عبد الله بن إبراهيم، _935855 |
||
| 650 |
_975 _aالتربية الإسلامية |
||
| 650 |
_92853 _aالتعليم _xفلسفة |
||
| 942 |
_2ddc _cBOOK |
||
| 999 |
_c30005 _d264505 |
||